Responses for Show #1339 - Thursday, May 31, 1990

Contestants

[<< previous game]

Mark Saltzman, a writer from New York City, New York

Tom Stimson, an attorney from El Cerrito, California

Mike Clark, a writer from Ventura, California (whose 2-day cash winnings total $32,901)

[next game >>]

Jeopardy! Round responses

WORLD NEWS
BOTTOMS UP
"PEN" PALS
AUSTRIA
HOLLYWOOD QUOTES
STOP
    $100 1
Soviet Union

Tom
    $100 26
Happy Hour

Mark
    $100 21
Penny Wise

Mark
    $100 6
Neutrality

Tom
    $100 12
Vanna White

Mike
    $100 11
Blockade

Mike
    $200 2
USA

Mike
    $200 27
White Wine

Mike
    $200 22
Pensacola

Tom
    $200 7
Chancellor

Tom
    $200 13
Mae West

Tom
    $200 14
Clog

Tom
    $300 3
El Salvador

Mike
    $300 28
Virgin Mary

Tom
    $300 23
Penelope

Tom
    $300 8
Schilling

Mike
    $300 17
Bert Lahr

Mark
    $300 15
Stopgap

Tom
    $400 4
Algeria

Triple Stumper
    $400 29
Absinthe

Mike
    $400 24
Penultimate

Mark
    $400 9
The Vienna Boys' Choir

Mike
    $400 18
Fred Astaire

Tom
    $400 16
Wildcat Strike

Mark
    $500 5
Spain

Tom
    $500 30
Stout

Mike
    $1,500 25
(Mark: Who are the Pennyloafers?)

The Penguins

Mark
    $500 10
Houses of Parliament

Tom
    $500 19
Julie Andrews

Triple Stumper
    $500 20
Whistle Stop

Mark

Scores at the first commercial break (after clue 17):

Mike Tom Mark
$1,400 $2,100 $700

Scores at the end of the Jeopardy! Round:

Mike Tom Mark
$2,500 $3,300 $300

Double Jeopardy! Round responses

HISTORY
OPERA CHARACTERS
PHYSICS
ART
WASHINGTON, D.C.
LITERATURE
    $200 2
Simon Bolivar

Mark
    $200 1
The Mikado

Tom
    $200 16
Hertz

Mike
    $200 25
Yoko Ono

Mark
    $200 9
Capitol Hill

Tom
    $200 18
"Charge of the Light Brigade"

Mike
    $400 5
Cape Horn

Tom
    $400 3
Brunhilde

Mark
    $400 17
Radium

Mark
    $2,000 23
Rembrandt

Mark
    $400 10
Lafayette Park/Square

Mark
    $400 19
(T: Who are Sacco & Vanzetti?)

Leopold & Loeb

TomMark
    $600 6
19th Century

Triple Stumper
    $600 4
Amahl

Tom
    $600 28
Orbit

Tom
    $600 24
Stabiles

Tom
    $600 13
Smithsonian Institution

Mike
    $600 20
Uncas

Triple Stumper
    $800 7
(Mike: What is Puerto Rico?)

Cuba

MikeTom
    $800 11
Hansel & Gretel

Mike
    $800 29
Fulcrum & Lever

Mark
    $800 26
(Mark: Who is Titan?)
(Mike: Who is Cronus?)

Saturn

MikeMark
Triple Stumper
    $2,000 14
Ford's Theater

Mike
    $800 21
"She Stoops to Conquer"

Mark
    $1000 8
Sepoy Rebellion

Tom
    $1000 12
Canio

Triple Stumper
    $1000 30
(Mike: What is drag?)

Mass

Mike
Triple Stumper
    $1000 27
(Mark: What is the Mitterrand Centre?)

Georges Pompidou

TomMark
    $1000 15
Embassies

Tom
    $1000 22
Booth Tarkington

Mark

Scores at the end of the Double Jeopardy! Round:

Mike Tom Mark
$3,700 $9,300 $5,100

[wagering suggestions for these scores]

Final Jeopardy! Round responses

GEOGRAPHY
MikeWhat is New Zealand?
$3,700
MarkWhat is Argentina?
$5,050
TomWhat is New Zealand?
$901
Chile (which goes down around Tierra Del Fuego & sweeps a little south of Argentina)

Final scores:

Mike Tom Mark
$0 $8,399 $50
3rd place: Olympus Infinity Twin 35 mm camera New champion: $8,399 2nd place: Emerson 20" TV/VCR combo

Game dynamics:

Coryat scores:

Mike Tom Mark
$2,500 $9,300 $5,000
14 R
(including 1 DD),
3 W
22 R,
1 W
16 R
(including 1 DD),
3 W
(including 1 DD)

Combined Coryat: $16,800

[game clues] [game scores] [suggest correction]

Game tape date: 1990-01-29
The J! Archive is created by fans, for fans. Scraping, republication, monetization, and malicious use prohibited; this site may use cookies and collect identifying information. See terms. The Jeopardy! game show and all elements thereof, including but not limited to copyright and trademark thereto, are the property of Jeopardy Productions, Inc. and are protected under law. This website is not affiliated with, sponsored by, or operated by Jeopardy Productions, Inc. Join the discussion at JBoard.tv.